LEADER 04201nam 2200673 a 450 001 9910954143303321 005 20251017110113.0 010 $a0-309-17741-3 010 $a1-282-08361-9 010 $a9786612083617 010 $a0-309-12759-9 035 $a(CKB)1000000000785685 035 $a(OCoLC)316065297 035 $a(CaPaEBR)ebrary10286200 035 $a(SSID)ssj0000254984 035 $a(PQKBManifestationID)11191656 035 $a(PQKBTitleCode)TC0000254984 035 $a(PQKBWorkID)10211398 035 $a(PQKB)10973350 035 $a(MiAaPQ)EBC3378472 035 $a(Au-PeEL)EBL3378472 035 $a(CaPaEBR)ebr10286200 035 $a(CaONFJC)MIL208361 035 $a(OCoLC)923280083 035 $a(DNLM)1505388 035 $a(BIP)53855133 035 $a(BIP)25845196 035 $a(EXLCZ)991000000000785685 100 $a20091002d2009 uy 0 101 0 $aeng 135 $aurcn||||||||| 181 $ctxt 182 $cc 183 $acr 200 00$aSystems engineering to improve traumatic brain injury care in the military health system $eworkshop summary /$fDavid Butler ... [et al.], editors ; National Academy of Engineering and Institute of Medicine of the National Academies 205 $a1st ed. 210 $aWashington, D.C. $cNational Academies Press$d2009 215 $a1 online resource (194 p.) 300 $aBibliographic Level Mode of Issuance: Monograph 311 08$a0-309-12758-0 320 $aIncludes bibliographical references. 327 $aMedical aspects of traumatic brain injury / Robert Labutta -- Traumatic brain injury and the military health system / Michael S. Jaffee -- Examples of operational systems engineering applications relevant to traumatic brain injury care / William P. Pierskalla -- Case study: Vanderbilt's journey toward system-supported practice / William W. Stead -- Suggestions for analysis plans by working groups -- Appendixes: A. Biographical information -- B. Issues raised by stakeholders about the military care of patients with traumatic brain injury -- C. Operational systems engineering applications based on issues raised by TBI stakeholders -- D. National academy of engineering/institute of medicine preliminary information-gathering meeting: TBI care system mapping -- E. Workshop agenda -- F. Workshop attendees -- G. Working groups -- H. Definitions and examples of operational systems engineering tools and concepts. 330 $aThis book makes a strong case for taking advantage of the best of two disciplines-health care and operational systems engineering (a combination of science and mathematics to describe, analyze, plan, design, and integrate systems with complex interactions among people, processes, materials, equipment, and facilities)-to improve the efficiency and quality of health care delivery, as well as health care outcomes. Those most interested in pursuing this approach include leaders in the U.S. Department of Defense (DOD) and Department of Veterans Affairs, who are committed to finding ways of improving the quality of care for military personnel, veterans, and their families. Intrigued by the possibilities, DOD decided to sponsor a series of workshops to explore the potential of operational systems engineering principals and tools for military health care, beginning with the diagnosis and care of traumatic brain injury (TBI), one of the most prevalent, difficult and challenging injuries suffered by warriors in Iraq and Afghanistan. 606 $aMedicine, Military$zUnited States$vCongresses 606 $aBrain$xWounds and injuries$xTreatment$vCongresses 606 $aSystems engineering$vCongresses 615 0$aMedicine, Military 615 0$aBrain$xWounds and injuries$xTreatment 615 0$aSystems engineering 701 $aButler$b David$g(David Alan)$0142051 712 02$aInstitute of Medicine (U.S.) 712 02$aNational Academy of Engineering. 801 0$bMiAaPQ 801 1$bMiAaPQ 801 2$bMiAaPQ 906 $aBOOK 912 $a9910954143303321 996 $aSystems engineering to improve traumatic brain injury care in the military health system$94447276 997 $aUNINA LEADER 04994nam 22006373 450 001 996649870103316 005 20250313080342.0 010 $a9783839475355 010 $a383947535X 024 7 $a10.1515/9783839475355 035 $a(CKB)37515749100041 035 $a(MiAaPQ)EBC31953911 035 $a(Au-PeEL)EBL31953911 035 $a(DE-B1597)735490 035 $a(DE-B1597)9783839475355 035 $a(OCoLC)1507694545 035 $a(ScCtBLL)9ce0532d-1302-4a44-9c86-3817917cfe23 035 $a(EXLCZ)9937515749100041 100 $a20250313d2025 uy 0 101 0 $aeng 135 $aur||||||||||| 181 $ctxt$2rdacontent 182 $cc$2rdamedia 183 $acr$2rdacarrier 200 14$aThe Brazilian Amazonia in Change II $eFive Decades of Exploitation, Deforestation and Attempts at Sustainable Development 205 $a1st ed. 210 1$aBielefeld :$ctranscript Verlag,$d2025. 210 4$d©2025. 215 $a1 online resource (0 pages) 225 0 $aBiblioteca Luso-Afro-Brasileira ;$v4 311 08$a9783837675351 311 08$a3837675351 327 $tFrontmatter -- $tEditorial -- $tContents -- $tPreface -- $tForeword to Volume 2 -- $tI Amazônia Legal in the mid-1970s and 1980s -- $t1. Alternative strategies to the colonisation policy of the Military Government -- $t2. Polonoroeste: A new strategy of integrated rural development -- $t3. Conflicts of interest at the Amazonian pioneer fronts in the 1980s -- $t4. Mega-projects and their impact on the regional development in East Amazonia: The Grande Carajás programme (PGC) -- $t5. The energy-related Plano 2010 and its possible impacts on Amazonia -- $t6. The Significance of the New Constitution of 1988 for environmental policy in Amazonia -- $tII Promising environmental concepts for Amazonia under pressure by economic growth and agrobusiness strategies (1990s?2018) -- $t1. Previous international initiatives for the protection of tropical rain forests -- $t2. The International Pilot Programme to Conserve the Brazilian Rain Forests (PPG7: 1993?2009): An approach to sustainable regional development -- $t3. Extensive infrastructure programmes as an extreme contrast to concurrent environmental policy measures -- $t4. Private colonisation in Mato Grosso and expansion of agribusiness into the cerradão and tropical forest ecosystems -- $t5. The new regional policy of the Plan of Sustainable Amazonia (PAS) -- $t6. The hydroelectric power plant Belo Monte and its environmental and socio-ecological impacts -- $t7. Population in Amazônia Legal 1970?2022 -- $t8. Scientific research centres, research cooperation programmes and NGO activities in the Amazon region -- $tIII Devastation and environmental degradation policies in Amazônia Legal during the Bolsonaro Government (2019?2022) -- $t1. Chaotic activities of a decided enemy of sustainability in Amazonia -- $t2. Destruction of tropical forest ecosystems due to logging and slash-and-burn activities -- $t3. The ecological impacts of deforestation and problems of climate change -- $t4. Threats to the Indigenous population and their habitats in Amazonia -- $t5. Disagreements between donor countries and the Bolsonaro government regarding the Amazon Fund -- $t6. The EU-Mercosur agreement failed under Bolsonaro?s presidency -- $t7. The situation of Amazônia Legal during the Bolsonaro Government and possible future perspectives -- $tIV Epilogue -- $t1. Hopes after the change of government in 2023: Lula da Silva as game changer? -- $t2. Concluding remarks -- $tAppendix -- $tReferences 330 $aIn the Brazilian planning region ?Amazônia Legal?, deforestation of rain forests for the extraction of mineral resources, cattle breeding, soybean farming, transport infrastructure and hydropower plants was carried out without regard for the indigenous people and regional socio-ecological vulnerability. The implementation of damaging mega-programmes caused disastrous environmental problems. Large-scale destruction of biodiversity, rising temperatures and instability of precipitation not only pose a threat to the region, but also have global impacts on climate change. Over the last two decades, parts of Amazônia Legal have evolved from a CO2 sink to a source of CO2 emissions. 606 $aHISTORY / General$2bisacsh 610 $aAmazonian Rainforests. 610 $aBiodiversity. 610 $aDeforestation. 610 $aEconomic Exploitation. 610 $aEconomic History. 610 $aEconomy. 610 $aEnvironmental History. 610 $aEnvironmental Policy. 610 $aHistory. 610 $aNature. 610 $aSouth American History. 615 7$aHISTORY / General. 676 $a363.7009811 700 $aKohlhepp$b Gerd$0130829 801 0$bMiAaPQ 801 1$bMiAaPQ 801 2$bMiAaPQ 906 $aBOOK 912 $a996649870103316 996 $aThe Brazilian Amazonia in Change II$94329355 997 $aUNISA